Statistics for Top 15 Most Popular Countries by Premier League Goalscorers in History

Click here to take the quiz!

General Stats

  • This quiz has been taken 159 times
  • The average score is 12 of 15

Answer Stats

RankCountry#% Correct
1stEngland12,339
100%
2ndFrance1,646
96%
7thSpain903
96%
8thBrazil718
94%
12thArgentina551
93%
4thIreland1,059
93%
3rdScotland1,077
92%
13thItaly454
91%
6thWales990
88%
5thNetherlands1,010
85%
9thBelgium682
81%
14thPortugal432
81%
10thNorway594
65%
11thNigeria561
48%
15thIvory Coast420
39%

Score Distribution

Percentile by Number Answered

Percent of People with Each Score

Your Score History

You have not taken this quiz